Alle Planet Zoo-Tiere (deutsch) - Statistiken

Allgemein
  • Dieses Quiz wurde 66 mal gespielt
    17 seit der letzten Aktualisierung
  • Das Durchschnittsergebnis liegt bei 67 aus 210
Antwortstatistiken
Tiere: Kategorie: % Korrekt
Gepard Gehegetier
75%
Afrikanischer Strauß Gehegetier
63%
Amerikanischer Bison Gehegetier
63%
Amurleopard Gehegetier
63%
Breitmaulnashorn Gehegetier
63%
Dingo Gehegetier
63%
Elch Gehegetier
63%
Flusspferd Gehegetier
63%
Jaguar Gehegetier
63%
Kojote Gehegetier
63%
Netzgiraffe Gehegetier
63%
Puma Gehegetier
63%
Westafrikanischer Löwe Gehegetier
63%
Wisent Gehegetier
63%
Abgottschlange Vivarientier
50%
Afrikanischer Leopard Gehegetier
50%
Alpaka Gehegetier
50%
Alpensteinbock Gehegetier
50%
Amerikanischer Biber Gehegetier
50%
Bonobo Gehegetier
50%
Borneo-Orang-Utan Gehegetier
50%
Borneo-Zwergelefant Gehegetier
50%
Brillenbär Gehegetier
50%
Eisbär Gehegetier
50%
Großer Panda Gehegetier
50%
Hausziege Gehegetier
50%
Hochlandrind Gehegetier
50%
Japanmakak Gehegetier
50%
Katta Gehegetier
50%
Kirk-Dikdik Gehegetier
50%
Kleiner Panda Gehegetier
50%
Komodowaran Gehegetier
50%
Kubaflamingo Gehegetier
50%
Mandrill Gehegetier
50%
Mantelpavian Gehegetier
50%
Nandu Gehegetier
50%
Okapi Gehegetier
50%
Pallaskatze Gehegetier
50%
Polarfuchs Gehegetier
50%
Polarwolf Gehegetier
50%
Rosaflamingo Gehegetier
50%
Roter Vari Gehegetier
50%
Rotfuchs Gehegetier
50%
Schneeleopard Gehegetier
50%
Schwarzweißer Vari Gehegetier
50%
Siamang Gehegetier
50%
Sibirischer Tiger Gehegetier
50%
Steppenzebra Gehegetier
50%
Streifenhyäne Gehegetier
50%
Timberwolf Gehegetier
50%
Waschbär Gehegetier
50%
Afrikanischer Steppenelefant Gehegetier
38%
Afrikanischer Wildhund Gehegetier
38%
Aldabra-Riesenschildkröte Gehegetier
38%
Axolotl Vivarientier
38%
Blauer Pfau Gehegetier
38%
Blauzungenskink Vivarientier
38%
Bongo Gehegetier
38%
Brillenpinguin Gehegetier
38%
Dall-Schaf Gehegetier
38%
Damagazelle Gehegetier
38%
Dromedar-Kamel Gehegetier
38%
Emu Gehegetier
38%
Erdferkel Gehegetier
38%
Erdmännchen Gehegetier
38%
Fennek Gehegetier
38%
Goliathfrosch Vivarientier
38%
Grizzlybär Gehegetier
38%
Helmkasuar Gehegetier
38%
Indischer Elefant Gehegetier
38%
Koala Gehegetier
38%
Königspinguin Gehegetier
38%
Lama Gehegetier
38%
Leistenkrokodil Gehegetier
38%
Mendesantilope Gehegetier
38%
Mississippi-Alligator Gehegetier
38%
Nyala Gehegetier
38%
Ozelot Gehegetier
38%
Panzernashorn Gehegetier
38%
Rentier Gehegetier
38%
Riesenotter Gehegetier
38%
Rotes Riesenkänguru Gehegetier
38%
Rothirsch Gehegetier
38%
Säbelantilope Gehegetier
38%
Saiga Gehegetier
38%
Sandkatze Gehegetier
38%
Sonnenbär Gehegetier
38%
Spitzmaulnashorn Gehegetier
38%
Streifengnu Gehegetier
38%
Sussex-Huhn Gehegetier
38%
Tamworth-Schwein Gehegetier
38%
Thomson-Gazelle Gehegetier
38%
Trampeltier Gehegetier
38%
Tüpfelhyäne Gehegetier
38%
Weißhandgibbon Gehegetier
38%
Westlicher Flachlandgorilla Gehegetier
38%
Westlicher Schimpanse Gehegetier
38%
Wildschwein Gehegetier
38%
Zwergflusspferd Gehegetier
38%
Zwergotter Gehegetier
38%
Amerikanischer Standard-Esel Gehegetier
25%
Bindenwaran Gehegetier
25%
Brasilianische Riesenvogelspinne Vivarientier
25%
Brasilianische Wanderspinne Vivarientier
25%
Brauen-Glattstirnkaiman Gehegetier
25%
Brillenflughund Vivarientier
25%
Capybara Gehegetier
25%
Chinesisches Schuppentier Gehegetier
25%
Coquerel-Sifaka Gehegetier
25%
Damhirsch Gehegetier
25%
Davidshirsch Gehegetier
25%
Diamantschildkröte Vivarientier
25%
Dickhornschaf Gehegetier
25%
Echte Achatschnecke Vivarientier
25%
Eurasischer Luchs Gehegetier
25%
Europäischer Dachs Gehegetier
25%
Fossa Gehegetier
25%
Gabelbock Gehegetier
25%
Gelbe Anakonda Vivarientier
25%
Gila-Krustenechse Vivarientier
25%
Goliathkäfer Vivarientier
25%
Goliath-Vogelspinne Vivarientier
25%
Griechische Landschildkröte Vivarientier
25%
Grüner Leguan Vivarientier
25%
Haariger Wüstenskorpion Vivarientier
25%
Hill-Radnor-Schaf Gehegetier
25%
Hirschziegenantilope Gehegetier
25%
Indischer Riesenskorpion Vivarientier
25%
Isabellbär Gehegetier
25%
Kalifornischer Seelöwe Gehegetier
25%
Kegelrobbe Gehegetier
25%
Königstiger Gehegetier
25%
Lehmanns Pfeilgiftfrosch Vivarientier
25%
Malaysischer Tapir Gehegetier
25%
Mandschurenkranich Gehegetier
25%
Mexikanische Rotknie-Vogelspinne Vivarientier
25%
Mittelamerikanischer Tapir Gehegetier
25%
Nasenaffe Gehegetier
25%
Nilflughund Vivarientier
25%
Nilgauantilope Gehegetier
25%
Nilwaran Gehegetier
25%
Nordamerikanischer Ochsenfrosch Vivarientier
25%
Pinselohrschwein Gehegetier
25%
Przewalski-Pferd Gehegetier
25%
Quokka Gehegetier
25%
Rappenantilope Gehegetier
25%
Rotaugenlaubfrosch Vivarientier
25%
Schrecklicher Pfeilgiftfrosch Vivarientier
25%
Somali-Wildesel Gehegetier
25%
Spießbock Gehegetier
25%
Spornschildkröte Gehegetier
25%
Springbock Gehegetier
25%
Streifenskunk Gehegetier
25%
Takin Gehegetier
25%
Tasmanischer Teufel Gehegetier
25%
Vielfraß Gehegetier
25%
Waldhund Gehegetier
25%
Warzenschwein Gehegetier
25%
Weißkopfsaki Gehegetier
25%
Weißnacken-Moorantilope Gehegetier
25%
Wüsten-Hornviper Vivarientier
25%
Zwergpinguin Gehegetier
25%
Australische Großschabe Vivarientier
13%
Bartaffe Gehegetier
13%
Binturong Gehegetier
13%
Blauer Morphofalter Vivarientier
13%
Brasilianischer Riesenläufer Vivarientier
13%
Braunkehl-Faultier Vivarientier
13%
Donau-Kammmolch Vivarientier
13%
Feuersalamander Vivarientier
13%
Galapagos-Riesenschildkröte Gehegetier
13%
Gangesgavial Gehegetier
13%
Großer Ameisenbär Gehegetier
13%
Großes Wandelndes Blatt Vivarientier
13%
Grüner Inselleguan Vivarientier
13%
Halsbandpekari Gehegetier
13%
Heiliger Pillendreher Vivarientier
13%
Höckerschwan Gehegetier
13%
Honigdachs Gehegetier
13%
Karakal Gehegetier
13%
Krokodilkaiman Gehegetier
13%
Lippenbär Gehegetier
13%
Mähnenwolf Gehegetier
13%
Monarchfalter Vivarientier
13%
Nacktnasenwombat Gehegetier
13%
Nebelparder Gehegetier
13%
Neunbinden-Gürteltier Gehegetier
13%
Nördlicher Streifenkiwi Gehegetier
13%
Östliche Braunschlange Vivarientier
13%
Puffotter Vivarientier
13%
Riesenbockkäfer Vivarientier
13%
Rothund Gehegetier
13%
Rotnackenwallaby Gehegetier
13%
Schnabeltier Gehegetier
13%
Schraubenziege Gehegetier
13%
Schwalbenschwanz Vivarientier
13%
Schwarzbüffel Gehegetier
13%
Schwarzschwanz-Präriehund Gehegetier
13%
Tagpfauenauge Vivarientier
13%
Taiwanischer Schwarzbär Gehegetier
13%
Texas-Klapperschlange Vivarientier
13%
Todesotter Vivarientier
13%
Weißschulter-Kapuzineraffe Gehegetier
13%
Weißschwanzgnu Gehegetier
13%
Westafrikanisches Stachelschwein Gehegetier
13%
Wilder Wasserbüffel Gehegetier
13%
Wolkenloser Schwefel Vivarientier
13%
Nordsulawesisches Babirusa Gehegetier
0%
Pachliopta pandiyana Vivarientier
0%
Tanuki Gehegetier
0%
Keine übereinstimmenden Quizze gefunden
Verteilung der Resultate
Anzahl Personen mit jedem Resultat
Perzentil nach korrekt beantworteten Fragen
Ihre Resultats-Entwicklung
Sie haben dieses Quiz seit der letzten Aktualisierung nicht gespielt